| 000 | 00565nam 22002053 4500 | ||
|---|---|---|---|
| 001 | 199404 | ||
| 021 |
_aPT _b8041/85 |
||
| 090 | _a199404 | ||
| 100 | _a20251204d u||y0pory50 ba | ||
| 200 |
_aOs últimos judeus secretos _fDavid Augusto Canelo |
||
| 205 | _a1ª | ||
| 210 |
_aBelmonte _cJornal de Belmonte _d1985 |
||
| 215 |
_a204, [4] p. _cil. ; brochado _d21 cm |
||
| 225 |
_aHistória e etnografia _h1 |
||
| 606 |
_910393 _aJudaísmo |
||
| 675 |
_a26 _vPT _zpor |
||
| 700 |
_915267 _aCanelo _bDavid Augusto |
||
| 801 |
_aPT _bBMMN _gRPC |
||
| 830 | _cVanda | ||
| 990 | _cLIVROS | ||